000 00843nam a22001817a 4500
005 20241219160710.0
010 _aHIN-129020
020 _a9788123798936
_c210.00
035 _aHN-101366
037 _bDBAD
082 _a394.6
100 _aचौबे , देवेन्द्र
_975470
245 _aपंचकोशी मेला /
_cदेवेन्द्र चौबे
260 _aनई दिल्ली
_bरास्ट्रीय पुस्तक न्यास
_c2021
270 _aनेहरु भवन 5, वसंत कुंज इंस्टिट्यूटशनल एरिया , फेज-2 , वसंत कुंज
_bनई दिल्ली
_e110070
300 _a160पृ.
_b21 सेमी (अजिल्द)
942 _2ddc
_cHN
_h394.6
_mचौबेदे
999 _c207845
_d207845